Ako lovia hlavátku podunajskú v Rakúsku

Bibliographic Details
Format: Article
Language:Slovak
PhysicalDescription:Fotogr.
ISSN:0231-8768
Subjects:

MARC

LEADER 00000nab a2200000 a 4500
001 vtls008623525
003 SK-MaSNL
005 20260304133621.0
008 250505c2005 xo mr|p|||||||000 b|slo
015 |a SNBRB2006/02  |2 snkbucl 
035 |a (uuid)ebc122c7-1559-4e9d-9a6d-01b1109f4e7d 
035 |a urn:nbn:sk:snk-abeshr 
035 |a (urnnbn)urn:nbn:sk:snk:ar-006zk7 
038 |a SNKBUCL 
040 |a SNKBUCL  |b slo  |c SNKBUCL  |e AACR2 
041 0 |a slo 
044 |a xo  |c SK 
080 |a 639.211  |2 1997 
245 0 0 |a Ako lovia hlavátku podunajskú v Rakúsku  |c [autor] juh 
300 |b Fotogr. 
650 0 7 |a hlavátka obyčajná  |2 snkbucl  |9 123759 
650 0 7 |a rybolov  |2 snkbucl  |9 2838 
773 0 |t Poľovníctvo a rybárstvo  |g Roč. 57, č. 11 (2005), s. 58-59  |x 0231-8768 
850 |a Slovenská národná knižnica 
852 |a Slovenská národná knižnica 
958 |a article27 
958 |a OND 
999 |c 2902713  |d 2904643